Touts les Départements Français en 2 Minutes - Statistiques

Statistiques générales
  • Ce quiz a été pris 145 fois
  • Le résultat moyen est 40 sur 101
Statistiques - réponses
Département % Correct
Aisne
84%
Ain
82%
Loire
73%
Ardèche
69%
Paris
65%
Allier
61%
Finistère
61%
Aude
59%
Loiret
59%
Ardennes
57%
Aube
57%
Nord
57%
Isère
55%
Aveyron
53%
Doubs
53%
Eure
53%
Calvados
51%
Cher
51%
Gard
51%
Marne
51%
Charente
49%
Haut-Rhin
49%
Rhône
49%
Ariège
47%
Bas-Rhin
47%
Tarn
47%
Alpes Maritimes
45%
Côte-d'Or
45%
Drôme
45%
Eure-et-Loir
45%
Gers
45%
Haute-Marne
45%
Indre
45%
Oise
45%
Savoie
45%
Bouches du Rhône
43%
Cantal
43%
Corse du Sud
43%
Creuse
43%
Gironde
43%
Jura
43%
Landes
43%
Alpes de Haute Provence
41%
Lot
41%
Moselle
41%
Var
41%
Côtes-d'Armor
39%
Hautes Alpes
39%
Hérault
39%
Ille-et-Villaine
39%
Morbihan
39%
Pas-de-calais
39%
Vosges
39%
Charente-Maritime
37%
Haute-Savoie
37%
Loire-Atlantique
37%
Haute Corse
35%
Haute-Garonne
35%
Haute-Loire
35%
Indre-et-Loire
35%
Meuse
35%
Somme
35%
Vaucluse
35%
Yonne
35%
Yvelines
35%
Corrèze
33%
Loir-et-Cher
33%
Lot-et-Garonne
33%
Martinique
33%
Guadeloupe
31%
La Réunion
31%
Manche
31%
Orne
31%
Saône-et-Loire
31%
Vendée
31%
Dordogne
29%
Guyane
29%
Lozère
29%
Mayenne
27%
Pyrénées-Atlantiques
27%
Seine-Maritime
27%
Val-d'Oise
27%
Meurthe-et-Moselle
25%
Seine-Saint-Denis
25%
Tarn-et-Garonne
25%
Haute-Saône
24%
Mayotte
24%
Vienne
24%
Maine-et-Loire
22%
Nièvre
22%
Puy-de-Dôme
22%
Pyrénées-Orientales
22%
Sarthe
22%
Haute-Vienne
20%
Seine-et-Marne
20%
Territoire de Belfort
20%
Val-de-Marne
20%
Deux-Sèvres
18%
Essone
18%
Hauts-de-Seine
18%
Hautes-Pyrénées
16%
Aucun quiz correspondant
Distribution des résultats
% des personnes avec chaque résultat
Percentile par nombre de réponses
Votre historique - résultats
Vous n’avez pas pris ce quiz